[Event "Muensterland Verbandsklasse 1819"]
[Site "Germany"]
[Date "2019.05.18"]
[Round "9.5"]
[White "Hoge, Reinhard"]
[Black "Sivakumaran, Methunraj"]
[Result "0-1"]
[WhiteElo "1909"]
[BlackElo "1551"]
[PlyCount "50"]
[EventDate "2018.09.15"]
[EventType "team-tourn"]
[EventRounds "9"]
[EventCountry "GER"]
[SourceTitle "EXT 2020"]
[Source "ChessBase"]
[SourceDate "2019.10.17"]
[SourceVersion "1"]
[SourceVersionDate "2019.10.17"]
[SourceQuality "1"]
[WhiteTeam "Saerbeck"]
[BlackTeam "Ibbenbueren"]
[WhiteTeamCountry "GER"]
[BlackTeamCountry "GER"]

1. c4 e5 2. g3 Nf6 3. Bg2 d5 4. cxd5 Nxd5 5. Nc3 Be6 6. Nf3 Nc6 7. 0-0 Bc5 8. d3 0-0 9. Ng5 Nxc3 10. bxc3 Bd7 11. Bb2 Qxg5 12. d4 exd4 13. cxd4 Bb6 14. Kh1 Rad8 15. f4 Qh5 16. Qd2 Bh3 17. Bxh3 Qxh3 18. d5 Ne7 19. e4 f5 20. Ba3 Rfe8 21. Bxe7 Rxe7 22. e5 Red7 23. d6 cxd6 24. Qd5+ Kh8 25. e6 Re7 0-1

[Event "Muensterland Verbandsklasse 1819"]
[Site "Germany"]
[Date "2018.12.08"]
[Round "4.7"]
[White "Sivakumaran, Methunraj"]
[Black "Jeromin, Rudolf Gustav"]
[Result "1-0"]
[WhiteElo "1551"]
[BlackElo "1672"]
[PlyCount "80"]
[EventDate "2018.09.15"]
[EventType "team-tourn"]
[EventRounds "9"]
[EventCountry "GER"]
[SourceTitle "EXT 2020"]
[Source "ChessBase"]
[SourceDate "2019.10.17"]
[SourceVersion "1"]
[SourceVersionDate "2019.10.17"]
[SourceQuality "1"]
[WhiteTeam "Ibbenbueren"]
[BlackTeam "Hiltrup"]
[WhiteTeamCountry "GER"]
[BlackTeamCountry "GER"]

1. d4 d5 2. c4 e6 3. Nf3 Nd7 4. Nc3 Ngf6 5. Bf4 c6 6. e3 h6 7. h3 Bb4 8. Qb3 Ba5 9. Bd3 dxc4 10. Bxc4 Nb6 11. Bd3 Nbd5 12. Be5 Nxc3 13. bxc3 Nd5 14. 0-0 Bxc3 15. Rac1 Ba5 16. Bxg7 Rg8 17. Bxh6 f5 18. Bf4 Bc7 19. Bxc7 Qxc7 20. Ne5 Qg7 21. g4 Qh6 22. Kg2 f4 23. e4 f3+ 24. Kxf3 Qxh3+ 25. Ke2 Nf4+ 26. Kd2 Qh7 27. Rh1 Qc7 28. f3 Bd7 29. Rh7 0-0-0 30. Rch1 Qa5+ 31. Ke3 Ng2+ 32. Ke2 Nf4+ 33. Kd1 c5 34. Rxd7 Rxd7 35. Nxd7 Nxd3 36. Qxd3 Qa4+ 37. Kc1 c4 38. Nc5 Qxa2 39. Qb1 Qa3+ 40. Qb2 Qe3+ 1-0

[Event "Muensterland Verbandsklasse 1819"]
[Site "Germany"]
[Date "2018.09.15"]
[Round "1.8"]
[White "Sivakumaran, Methunraj"]
[Black "Tost, Otfried"]
[Result "1-0"]
[WhiteElo "1551"]
[BlackElo "1385"]
[PlyCount "66"]
[EventDate "2018.09.15"]
[EventType "team-tourn"]
[EventRounds "9"]
[EventCountry "GER"]
[SourceTitle "EXT 2020"]
[Source "ChessBase"]
[SourceDate "2019.10.17"]
[SourceVersion "1"]
[SourceVersionDate "2019.10.17"]
[SourceQuality "1"]
[WhiteTeam "Ibbenbueren"]
[BlackTeam "Nordwalde"]
[WhiteTeamCountry "GER"]
[BlackTeamCountry "GER"]

1. d4 d5 2. c4 e6 3. Nf3 c6 4. Nc3 f5 5. g3 Bd6 6. c5 Bc7 7. Bg2 Nf6 8. Bf4 0-0 9. Bxc7 Qxc7 10. 0-0 Bd7 11. Ne5 Be8 12. f4 Nbd7 13. e3 h5 14. h3 Kh7 15. Nf3 Bf7 16. Qe2 g6 17. b4 Rh8 18. b5 Rag8 19. Rab1 Kh6 20. bxc6 bxc6 21. Ng5 Rg7 22. Qa6 Nb8 23. Qb7 Qd7 24. Rb4 Rf8 25. Rfb1 Bg8 26. Nf3 Ne4 27. Nxe4 fxe4 28. Ne5 Qxb7 29. Rxb7 g5 30. Rxb8 gxf4 31. Rxf8 fxe3 32. g4 Kg5 33. Re1 Rb7 1-0

[Event "Steinfurt Bezirksliga 1718"]
[Site "Germany"]
[Date "2018.02.24"]
[Round "5.3"]
[White "Sivakumaran, Methunraj"]
[Black "Raus, Christina"]
[Result "0-1"]
[WhiteElo "1565"]
[BlackElo "1501"]
[PlyCount "100"]
[EventDate "2017.09.23"]
[EventType "team-tourn"]
[EventRounds "7"]
[EventCountry "GER"]
[SourceTitle "EXT 2019"]
[Source "ChessBase"]
[SourceDate "2018.10.10"]
[SourceVersion "1"]
[SourceVersionDate "2018.10.10"]
[SourceQuality "1"]
[WhiteTeam "Ibbenbueren II"]
[BlackTeam "Steinfurt III"]
[WhiteTeamCountry "GER"]
[BlackTeamCountry "GER"]

1. d4 d5 2. c4 e6 3. Nf3 Nf6 4. Nc3 Bb4 5. e3 0-0 6. Bd2 b6 7. Bd3 dxc4 8. Bxc4 Bb7 9. 0-0 Bxc3 10. Bxc3 Nd5 11. Rc1 Nd7 12. Qe2 N7f6 13. Bd3 Nxc3 14. Rxc3 Nd5 15. Rcc1 Rc8 16. Rfd1 Qe7 17. a3 c5 18. Rc2 Rc7 19. dxc5 Rxc5 20. Rdc1 Rfc8 21. h3 g6 22. Rxc5 Rxc5 23. Rxc5 Qxc5 24. Qc2 Qxc2 25. Bxc2 f6 26. Bd3 Kf7 27. Bc4 Ne7 28. Nd4 Bd5 29. Bxd5 exd5 30. Kf1 a6 31. Ke2 f5 32. Kd3 Kf6 33. b4 Ke5 34. f4+ Kd6 35. Nf3 Nc6 36. Nd4 Nxd4 37. Kxd4 h5 38. h4 Ke6 39. a4 Kd6 40. a5 bxa5 41. bxa5 Kc6 42. Ke5 Kb5 43. Kxd5 Kxa5 44. Kc5 Ka4 45. Kc4 Ka3 46. Kc3 a5 47. g3 a4 48. Kc2 Kb4 49. Kb2 Kc4 50. Ka3 Kd3 0-1

[Event "Steinfurt Bezirksliga 1718"]
[Site "Germany"]
[Date "2017.11.11"]
[Round "2.2"]
[White "Sivakumaran, Methunraj"]
[Black "Bienhuels, Franz Josef"]
[Result "0-1"]
[WhiteElo "1565"]
[BlackElo "1867"]
[PlyCount "60"]
[EventDate "2017.09.23"]
[EventType "team-tourn"]
[EventRounds "7"]
[EventCountry "GER"]
[SourceTitle "EXT 2019"]
[Source "ChessBase"]
[SourceDate "2018.10.10"]
[SourceVersion "1"]
[SourceVersionDate "2018.10.10"]
[SourceQuality "1"]
[WhiteTeam "Ibbenbueren II"]
[BlackTeam "Westerkappeln"]
[WhiteTeamCountry "GER"]
[BlackTeamCountry "GER"]

1. d4 Nf6 2. c4 c5 3. d5 b5 4. cxb5 a6 5. bxa6 g6 6. Nc3 Bg7 7. e4 0-0 8. Nf3 Qa5 9. Bd2 Bxa6 10. Bxa6 Qxa6 11. Qe2 d6 12. Nb5 Nxe4 13. a4 Nxd2 14. Nxd2 Qb7 15. 0-0 Na6 16. Nc4 Nb4 17. Rfd1 Ra6 18. Rd2 Rfa8 19. Nc3 Bd4 20. Qf3 Qd7 21. b3 Qf5 22. Qxf5 gxf5 23. Rc1 Rb8 24. Nb5 Bf6 25. f4 Kg7 26. Re1 Rg8 27. g3 h5 28. h4 Kh7 29. Kh2 Raa8 30. Kh3 Rg7 0-1

[Event "Steinfurt Bezirksliga 1617"]
[Site "Germany"]
[Date "2017.03.25"]
[Round "8.2"]
[White "Sivakumaran, Methunraj"]
[Black "Freitag, Michael"]
[Result "0-1"]
[WhiteElo "1590"]
[BlackElo "1682"]
[PlyCount "120"]
[EventDate "2016.09.24"]
[EventType "team"]
[EventRounds "9"]
[EventCountry "GER"]
[SourceTitle "EXT 2018"]
[Source "ChessBase"]
[SourceDate "2017.10.13"]
[SourceVersion "1"]
[SourceVersionDate "2017.10.13"]
[SourceQuality "1"]
[WhiteTeam "Ibbenbueren II"]
[BlackTeam "Steinfurt II"]
[WhiteTeamCountry "GER"]
[BlackTeamCountry "GER"]

1. d4 d5 2. c4 e6 3. Nf3 f5 4. Bf4 c6 5. e3 Nf6 6. Nc3 Bd6 7. Bxd6 Qxd6 8. c5 Qe7 9. Be2 Nbd7 10. 0-0 0-0 11. Qc2 Ng4 12. h3 Nh6 13. b4 e5 14. a4 e4 15. Nh2 Qg5 16. f4 exf3 17. Rxf3 Nf6 18. Raf1 Bd7 19. Bd3 Ne4 20. Bxe4 fxe4 21. Rxf8+ Rxf8 22. Rxf8+ Kxf8 23. Qf2+ Nf5 24. Nf1 Kg8 25. Ne2 Nh4 26. Qg3 Qxg3 27. Nfxg3 g6 28. Kf2 Kg7 29. a5 Kf8 30. Nc3 Ke7 31. Nce2 Kd8 32. Nf4 Kc7 33. Nf1 b6 34. Nd2 bxa5 35. bxa5 Kb7 36. g4 Ka6 37. Nb3 Kb5 38. Ne2 a6 39. Kg3 Nf3 40. Kf4 g5+ 41. Kg3 Kb4 42. Nec1 Bc8 43. Kf2 Kc3 44. Kf1 Nd2+ 45. Nxd2 Kxd2 46. Ne2 Kxe3 47. Ke1 Kf3 48. Kf1 Bd7 49. Ng1+ Kg3 50. Ne2+ Kxh3 51. Nc3 Bc8 52. Na4 Kxg4 53. Nb6 Bb7 54. Nd7 Kf4 55. Nf6 h6 56. Ne8 Ke3 57. Nd6 Ba8 58. Nf5+ Kd3 59. Nxh6 Kxd4 60. Nf5+ Kxc5 0-1

[Event "Steinfurt Bezirksliga 1617"]
[Site "Germany"]
[Date "2016.11.12"]
[Round "3.2"]
[White "Sivakumaran, Methunraj"]
[Black "Hokamp, Sascha"]
[Result "0-1"]
[WhiteElo "1590"]
[BlackElo "1892"]
[PlyCount "122"]
[EventDate "2016.09.24"]
[EventType "team"]
[EventRounds "9"]
[EventCountry "GER"]
[SourceTitle "EXT 2018"]
[Source "ChessBase"]
[SourceDate "2017.10.13"]
[SourceVersion "1"]
[SourceVersionDate "2017.10.13"]
[SourceQuality "1"]
[WhiteTeam "Ibbenbueren II"]
[BlackTeam "Reckenfeld"]
[WhiteTeamCountry "GER"]
[BlackTeamCountry "GER"]

1. e4 c5 2. Nf3 g6 3. d4 cxd4 4. Nxd4 Nf6 5. Nc3 d6 6. Bc4 Bg7 7. Be3 0-0 8. f3 Nc6 9. Qd2 a6 10. g4 Qc7 11. Bb3 Na5 12. Bh6 e5 13. Nde2 Nxb3 14. cxb3 Be6 15. Bxg7 Kxg7 16. 0-0-0 d5 17. g5 Nxe4 18. fxe4 d4 19. Nxd4 exd4 20. Qxd4+ Kg8 21. Kb1 Rac8 22. Rd2 Qf4 23. Nd5 Bxd5 24. Qxd5 Rcd8 25. Qxd8 Qxe4+ 26. Qd3 Qxh1+ 27. Rd1 Qxh2 28. Qd7 Qe2 29. Rd4 Qe3 30. Rd5 Qe4+ 31. Ka1 Qc2 32. Rd1 b5 33. b4 Qc8 34. Qd4 Qf5 35. Qh4 f6 36. Rh1 Rf7 37. gxf6 Qxf6 38. Qe1 h5 39. a3 Kg7 40. Qg3 Qf4 41. Qc3+ Kh7 42. Qd3 Qf3 43. Qb1 Kh6 44. Qc1+ Kg7 45. Rg1 h4 46. Qg5 Qf6 47. Qg4 Rc7 48. Qe4 Rc4 49. Qe3 Rf4 50. Qh3 Rf2 51. Rb1 Rf3 52. Qd7+ Kh6 53. Qd2+ g5 54. Ka2 Qf7+ 55. Ka1 Rf1 56. Qd6+ Qf6 57. Qd3 Rxb1+ 58. Qxb1 h3 59. Qd3 g4 60. Qd2+ Kh5 61. Qd5+ Kh4 0-1

[Event "Steinfurt Bezirksliga 1516"]
[Site "Germany"]
[Date "2016.01.23"]
[Round "5.3"]
[White "Raus, Christina"]
[Black "Sivakumaran, Methunraj"]
[Result "1/2-1/2"]
[WhiteElo "1438"]
[BlackElo "1539"]
[PlyCount "47"]
[EventDate "2015.09.19"]
[EventType "team-tourn"]
[EventRounds "9"]
[EventCountry "GER"]
[SourceTitle "EXT 2017"]
[Source "ChessBase"]
[SourceDate "2016.10.25"]
[SourceVersion "1"]
[SourceVersionDate "2016.10.25"]
[SourceQuality "1"]
[WhiteTeam "Steinfurt III"]
[BlackTeam "Ibbenbueren II"]
[WhiteTeamCountry "GER"]
[BlackTeamCountry "GER"]

1. d4 Nf6 2. c4 e6 3. Nc3 Bb4 4. Bg5 h6 5. Bxf6 Qxf6 6. e3 c5 7. Qd3 Nc6 8. Nf3 0-0 9. Be2 d5 10. cxd5 exd5 11. 0-0 c4 12. Qc2 Bf5 13. Qa4 Rad8 14. Qb5 Qd6 15. a3 a6 16. Qa4 b5 17. Qd1 Ba5 18. b4 Bc7 19. Qd2 Rfe8 20. g3 Re6 21. Kg2 Rde8 22. Rae1 Qd7 23. Nh4 Ne7 24. Nxf5 1/2-1/2

[Event "Steinfurt Bezirksliga 1415"]
[Site "Germany"]
[Date "2015.01.31"]
[Round "6.8"]
[White "Teschler, Ansgar"]
[Black "Sivakumaran, Methunraj"]
[Result "1/2-1/2"]
[WhiteElo "1402"]
[BlackElo "1464"]
[PlyCount "42"]
[EventDate "2014.09.06"]
[EventType "team-tourn"]
[EventRounds "9"]
[EventCountry "GER"]
[SourceTitle "EXT 2016"]
[Source "ChessBase"]
[SourceDate "2015.10.08"]
[SourceVersion "1"]
[SourceVersionDate "2015.10.08"]
[SourceQuality "1"]
[WhiteTeam "Reckenfeld"]
[BlackTeam "Ibbenbueren II"]
[WhiteTeamCountry "GER"]
[BlackTeamCountry "GER"]

1. d4 Nf6 2. c4 b6 3. Nc3 Bb7 4. f3 d5 5. cxd5 Nxd5 6. e4 Nxc3 7. bxc3 e5 8. Bc4 Nd7 9. Qb3 Qf6 10. Ne2 Bd6 11. 0-0 Qe7 12. a4 0-0 13. a5 c5 14. d5 Rfb8 15. Be3 bxa5 16. Rxa5 Bxd5 17. Qa2 Bxc4 18. Qxc4 Nb6 19. Qa2 Rb7 20. Ra1 h6 21. c4 Rd7 1/2-1/2

[Event "Steinfurt Bezirksliga 1314"]
[Site "Germany"]
[Date "2014.02.15"]
[Round "6.6"]
[White "Sivakumaran, Methunraj"]
[Black "Gutjahr, Vladimir"]
[Result "1-0"]
[WhiteElo "1524"]
[BlackElo "1351"]
[PlyCount "85"]
[EventDate "2013.09.14"]
[EventType "team-tourn"]
[EventRounds "9"]
[EventCountry "GER"]
[SourceTitle "EXT 2015"]
[Source "ChessBase"]
[SourceDate "2014.11.20"]
[SourceVersion "1"]
[SourceVersionDate "2014.11.20"]
[SourceQuality "1"]
[WhiteTeam "Ibbenbueren II"]
[BlackTeam "Steinfurt III"]
[WhiteTeamCountry "GER"]
[BlackTeamCountry "GER"]

1. e4 e5 2. Nf3 Nc6 3. Bb5 Nd4 4. Nxd4 exd4 5. 0-0 c6 6. Bc4 d6 7. d3 Be6 8. Bxe6 fxe6 9. Re1 e5 10. c3 dxc3 11. Nxc3 Qh4 12. Re3 0-0-0 13. Rh3 Qe7 14. Be3 a6 15. Rc1 Nf6 16. Nd5 Nxd5 17. exd5 c5 18. b4 Qd7 19. bxc5 dxc5 20. Bxc5 Bxc5 21. Rxc5+ Kb8 22. d4 Qd6 23. Rhc3 g6 24. Qa4 Rhe8 25. Re3 Re7 26. g3 e4 27. Rb3 Qf6 28. Rc6 Rd6 29. Qxa6 e3 30. fxe3 Rf7 31. Qe2 Rxc6 32. dxc6 Qxc6 33. Rd3 Qe4 34. d5 Rd7 35. Rd4 Qb1+ 36. Kg2 Qb6 37. Qd2 Qb1 38. e4 Rc7 39. Qf4 Qxa2+ 40. Rd2 Qa4 41. d6 Rd7 42. e5 Qc6+ 43. Kh3 1-0

[Event "Steinfurt Bezirksliga 1314"]
[Site "Germany"]
[Date "2013.12.14"]
[Round "4.6"]
[White "Sivakumaran, Methunraj"]
[Black "Roewekamp, Andre"]
[Result "0-1"]
[WhiteElo "1524"]
[BlackElo "1568"]
[PlyCount "54"]
[EventDate "2013.09.14"]
[EventType "team-tourn"]
[EventRounds "9"]
[EventCountry "GER"]
[SourceTitle "EXT 2015"]
[Source "ChessBase"]
[SourceDate "2014.11.20"]
[SourceVersion "1"]
[SourceVersionDate "2014.11.20"]
[SourceQuality "1"]
[WhiteTeam "Ibbenbueren II"]
[BlackTeam "Reckenfeld"]
[WhiteTeamCountry "GER"]
[BlackTeamCountry "GER"]

1. e4 e5 2. Nf3 Nc6 3. Bb5 Nge7 4. Nc3 a6 5. Bc4 Ng6 6. d3 Bc5 7. Bg5 f6 8. Be3 Bb4 9. 0-0 Bxc3 10. bxc3 d6 11. h3 Nce7 12. Qd2 d5 13. exd5 Nxd5 14. Rfe1 0-0 15. Rab1 Kh8 16. Nh2 Ndf4 17. d4 b5 18. Be2 Nxe2+ 19. Qxe2 Qd5 20. Rb2 f5 21. Qf3 e4 22. Qh5 Qc6 23. Bd2 Bb7 24. f3 Rae8 25. Re2 exf3 26. Rxe8 f2+ 27. Kxf2 Qxg2+ 0-1

[Event "Steinfurt Bezirksklasse 1213"]
[Site "Germany"]
[Date "2013.01.19"]
[Round "4.4"]
[White "Sivakumaran, Methunraj"]
[Black "Dunker, Felix"]
[Result "1/2-1/2"]
[WhiteElo "1453"]
[BlackElo "1248"]
[PlyCount "34"]
[EventDate "2012.09.29"]
[EventType "team-tourn"]
[EventRounds "9"]
[EventCountry "GER"]
[SourceTitle "EXT 2015"]
[Source "ChessBase"]
[SourceDate "2014.11.20"]
[SourceVersion "1"]
[SourceVersionDate "2014.11.20"]
[SourceQuality "1"]
[WhiteTeam "Ibbenbueren III"]
[BlackTeam "Emsdetten Turm IV"]
[WhiteTeamCountry "GER"]
[BlackTeamCountry "GER"]

1. e4 e5 2. Nf3 Nc6 3. Bc4 Bc5 4. Nc3 d6 5. h3 Be6 6. Bxe6 fxe6 7. Na4 Bb6 8. Nxb6 axb6 9. d3 h6 10. Be3 d5 11. 0-0 Nf6 12. exd5 exd5 13. Qe2 0-0 14. Rfe1 Re8 15. c3 d4 16. Bd2 dxc3 17. bxc3 Nd5 1/2-1/2

[Event "Steinfurt Bezirksliga 1112"]
[Site "Germany"]
[Date "2012.03.03"]
[Round "6.8"]
[White "Sivakumaran, Methunraj"]
[Black "Meyer, Til Fabian"]
[Result "1-0"]
[WhiteElo "1383"]
[BlackElo "937"]
[PlyCount "73"]
[EventDate "2011.10.01"]
[EventType "team-tourn"]
[EventRounds "9"]
[EventCountry "GER"]
[SourceTitle "EXT 2013"]
[Source "ChessBase"]
[SourceDate "2012.11.22"]
[SourceVersion "1"]
[SourceVersionDate "2012.11.22"]
[SourceQuality "1"]
[WhiteTeam "Ibbenbueren II"]
[BlackTeam "Westerkappeln"]
[WhiteTeamCountry "GER"]
[BlackTeamCountry "GER"]

1. e4 g6 2. d4 Bg7 3. Nf3 Nf6 4. e5 Nd5 5. c4 c6 6. cxd5 Qa5+ 7. Nc3 cxd5 8. Be2 0-0 9. 0-0 e6 10. Qd3 a6 11. Bd2 Nc6 12. a3 Qd8 13. b4 d6 14. Bf4 a5 15. b5 Na7 16. exd6 f6 17. h3 Re8 18. Bh2 e5 19. dxe5 fxe5 20. Qxd5+ Kf8 21. Nxe5 Be6 22. Qf3+ Bf5 23. Qd5 Bxe5 24. Bxe5 Qg5 25. Bg3 Rac8 26. d7 Rxc3 27. dxe8Q+ Kxe8 28. Qe5+ Kf7 29. Qxc3 a4 30. Qc7+ Ke8 31. Qb8+ Ke7 32. Qxa7 Be6 33. Qe3 Qd5 34. Bg4 Kd7 35. Bxe6+ Qxe6 36. Qxe6+ Kxe6 37. Rfd1 1-0

[Event "Steinfurt Bezirksliga 1011"]
[Site "Germany"]
[Date "2011.05.07"]
[Round "9.7"]
[White "Sivakumaran, Methunraj"]
[Black "Von Gorissen, Rolf Ruediger"]
[Result "0-1"]
[WhiteElo "851"]
[BlackElo "1322"]
[PlyCount "108"]
[EventDate "2010.10.02"]
[EventType "team-tourn"]
[EventRounds "9"]
[EventCountry "GER"]
[SourceTitle "EXT 2012"]
[Source "ChessBase"]
[SourceDate "2011.11.24"]
[SourceVersion "1"]
[SourceVersionDate "2011.11.24"]
[SourceQuality "1"]
[WhiteTeam "Ibbenbueren II"]
[BlackTeam "Steinfurt III"]
[WhiteTeamCountry "GER"]
[BlackTeamCountry "GER"]

1. e4 e6 2. Nf3 d5 3. exd5 exd5 4. h3 Nf6 5. d4 h6 6. Nc3 c6 7. a3 Bd6 8. Bd3 0-0 9. 0-0 Re8 10. Be3 Be6 11. Re1 Nbd7 12. b4 Qc7 13. Qd2 Nh5 14. Rab1 Bf4 15. Bxf4 Nxf4 16. Ne2 Nxd3 17. Qxd3 f6 18. c3 Nf8 19. Qd2 Bf5 20. Rbd1 g5 21. g4 Bg6 22. Nh2 Re7 23. f3 Rae8 24. Kg2 Ne6 25. Kg1 Nf4 26. Nxf4 Qxf4 27. Rxe7 Rxe7 28. Qxf4 gxf4 29. Kf2 Re3 30. Rc1 Bd3 31. Re1 Rxe1 32. Kxe1 Bb5 33. Kd2 Kg7 34. Kc2 Ba4+ 35. Kd2 Bb5 36. Ke1 Kg6 37. Kf2 Kg5 38. Nf1 Kh4 39. Nh2 Kxh3 40. Nf1 Bxf1 41. Kxf1 Kg3 42. Ke2 Kg2 43. a4 a6 44. a5 Kg3 45. Kf1 Kxf3 46. Kg1 Ke2 47. Kg2 f3+ 48. Kh3 f2 49. Kg3 f1Q 50. g5 hxg5 51. Kg4 Qf4+ 52. Kh5 g4 53. Kg6 f5 54. Kf6 Qe4 0-1